| 000 | 01348nam a2200337 c 4500 | ||
|---|---|---|---|
| 003 | BLK | ||
| 005 | 20210205082900.0 | ||
| 008 | 180409b bul|||||r ||||||| ||bul|| | ||
| 010 | _aKNG00144049000 | ||
| 020 |
_a978-954-516-947-2 _bиздат.: Летера |
||
| 040 | _aBLK | ||
| 041 |
_aBUL _cBUL |
||
| 072 | 7 |
_2bullib _aН83 _xЧужда художествена литература Н |
|
| 080 |
_aАвстрийска литература _b821.112(436) _x-31 _z821.112(436)-31 |
||
| 100 | 1 |
_aШнайдер, Роберт _eпърви автор _9326145 |
|
| 700 | 1 |
_aЕвстатиева, Здравка Георгиева _eпрев. от нем. _9365748 |
|
| 139 |
_aШнайдер, Роберт _bШ 79 |
||
| 245 | 1 | 0 |
_aОткровението _bРоман _cРоберт Шнайдер; прев. от нем. Здравка Георгиева Евстатиева. |
| 257 | _aAUT | ||
| 260 |
_аПловдив _bЛетера _c2011 _fКостинброд : Мултипирнт |
||
| 300 |
_a264 с. _c22 см |
||
| 380 | _aX | ||
| 500 | _aОриг. загл. Die Offenbarung / Robert Schneider. | ||
| 653 | _aромани | ||
| 659 | _aН | ||
| 852 | _aЦб 259939 | ||
| 856 | 4 |
_qpdf _u |
|
| 856 | 4 |
_qpdf _u |
|
| 942 |
_cKNG _n0 _07 |
||
| 944 |
_aCR _c17.06.2013 _lф / _kМилена_Ачева |
||
| 944 |
_aED _c20.01.2017 _lф / _kЛюдмила_Стоянова |
||
| 999 |
_c138068 _d138068 |
||